00776nam a22002297a 450000500170000001000130001702000220003003500130005203700160006504000120008108200110009310000260010424500480013026000340017830000210021249000310023365000460026465000410031094200200035199900190037195201560039020170124110126.0 aA-392441 c00.00a0448095505 aA-392441 bCen Lib/Ret aDPLbEN aNbKEE aKeene, Carolyn929635 aThe double jinx mystery /cby Carolyn Keene aUSAbGrosset and Dunlapc1973 a180p. c19cm(Hb) aNancy drew mystery stories aDrew, Nancy (Fictitious character)931587 aDetective and mystery stories928544 2ddccENhNmKEE c131361d131361 04104070aLbLd2015-07-14eCen Lib/Ret g0.00l0oN KEEpA-392441r2015-07-14 00:00:00t1v0.00w2015-07-14yENzW/d List No. 6852/17 : dtd 21/7/20